000 00385 a2200169 4500
001 176241
020 _a978-85-16-03491-7
040 _cMagnum
100 _aTelles, Carlos Queiroz
240 1 0 _aSonhos, grilos e paixoes
_lpor
245 1 0 _aSonhos, grilos e paixoes
300 _a63
362 0 _a2003
440 1 _aModerna
697 _aLITERATURA INFANTO-JUVENIL
942 _cBK
999 _c176241
_d176241